Postavenie Nórska v EHP diplomová práca

Uložené v:
Podrobná bibliografia
Hlavný autor: Weissová, Marianna
Korporativný autor: Fakulta medzinárodných vzťahov EU. Katedra medzinárodných ekonomických vzťahov a hospodárskej diplomacie
Ďalší autori: Lipková, Beata
Médium: Kniha
Jazyk:Slovak
Vydavateľské údaje: Bratislava 2011
Tagy: Pridať tag
Žiadne tagy, Buďte prvý, kto otaguje tento záznam!

MARC

LEADER 00000nbm a2200000 4500
001 0131025
005 20161109101641.5
041 0 |a slo 
044 |a SK 
245 1 0 |a Postavenie Nórska v EHP  |b diplomová práca  |c Marianna Weissová ; školiteľ: Beáta Lipková 
264 1 |a Bratislava  |c 2011 
300 |a 72 s. 
100 1 |a Weissová, Marianna 
700 1 |a Lipková, Beata 
710 2 |a Fakulta medzinárodných vzťahov EU. Katedra medzinárodných ekonomických vzťahov a hospodárskej diplomacie